Statistics for Which Asian Country?

Click here to take the quiz!

General Stats

  • This quiz has been taken 29,636 times
    (29,621 since last reset)
  • The average score is 11 of 15

Answer Stats

QuestionAnswer% Correct
Among these countries, which one has the largest population?Indonesia
92%
Which of these countries has a capital that DOESN'T start with T?North Korea
91%
What country was formerly known as Ceylon?Sri Lanka
85%
Which of these countries is a monarchy?Oman
82%
Which of these countries is mostly Christian?Georgia
81%
Where is Tagalog commonly spoken?Philippines
79%
What country is considered the birthplace of Siddhārtha Gautama, aka Buddha?Nepal
76%
Which country shares a border with Afghanistan?Iran
76%
Which country possesses nuclear weapons?Pakistan
75%
Which of these countries borders the Caspian Sea?Azerbaijan
72%
Where does the Mekong River meet the sea?Vietnam
71%
In what country would you find the lowest elevation (on land) in the world?Israel
69%
In what country would you find the city of Mandalay?Myanmar
68%
Where is the Kaaba located?Saudi Arabia
66%
Which country's territory was NOT occupied by Japan in World War II?Sri Lanka
58%

Score Distribution

Percentile by Number Answered

Percent of People with Each Score

Your Score History

You have not taken this quiz since the last reset